000 01062nam a2200325 a 4500
999 _c188461
_d188461
003 BLK
005 20250211121019.0
008 180411b bul|||||r ||||||| ||bul||
010 _aKNG00197479000
020 _a954-445-049-1
040 _aBLK
041 _aBUL
_cBUL
080 _aБългарска литература
_b821.163.2
_x-31
_z821.163.2-31
100 1 _aФучеджиев, Дико Славов
_eпърви автор
_9135213
139 _aФучеджиев, Дико Славов
_bФ 95
245 1 0 _aКатастрофа
_bРоман
_cДико Славов Фучеджиев.
257 _aBGR
260 _aСофия
_bХристо Ботев
_c1993
300 _a134 с.
_c21 см
380 _aX
500 _a2 000 тир.
852 _aЦб 175535
_bЦб
856 4 _qpdf
_i0.00
_ldisable
856 4 _qpdf
_i0.00
_ldisable
942 _cKNG
_n0
_03
_s1
944 _aCR
_c06.12.2016
_k30575
_lМартин Енчев
944 _aED
_c06.12.2016
_kКети_Илиева
999 _d188461
999 _d188461